| 000 | 02138cad a2200325a5 4500 | ||
|---|---|---|---|
| 001 | ##L134712 | ||
| 008 | 060829s2006 xxk f f000 0 eng d | ||
| 035 | _a(Sirsi) u134712 | ||
| 041 | 0 | _aeng | |
| 050 | 0 | 4 | _a333.73 $2 18 |
| 110 | 1 |
_aUnited Kingdom _bDepartment for Environment, Food and Rural Affairs |
|
| 245 | 0 | 0 |
_aDefra Circular 01/2006 _bEnvironmental Protection Act 1990 _bPart IIA _bcontaminated land _h[electronic resource] |
| 260 |
_aLondon _bDEFRA _c2006 |
||
| 520 | _aProvides guidance on the extended statutory regime for the identification and remediation of contaminated land with effect from 4 August 2006. The extended regime will apply to radioactive contamination of land in addition to the contamination covered previously. Government policy on radioactivity and the related changes to the Part IIA regime are set out in Annex 1 of the circular. Also a substantive change has been made to the Part IIA regime in respect of the arrangements for appeals against remediation notices served by local authorities. Replaces DETR Circular 02/2000 "Contaminated land: implementation of Part IIA of the Environmental Protection Act 1990" (ISBN 0117535443). | ||
| 590 | _aIKA050906 NTK, KA | ||
| 650 | 2 | 4 | _aCONTAMINATED LAND |
| 650 | 2 | 4 | _aENVIRONMENTAL PROTECTION ACT 1990 PART IIA |
| 650 | 2 | 4 | _aDEFRA CIRCULAR 01/2006 |
| 650 | 2 | 4 | _aCLEAN NEIGHBOURHOODS AND ENVIRONMENT ACT 2005 (COMMENCEMENT NO. 2) (ENGLAND) ORDER 2006 |
| 650 | 2 | 4 | _aENVIRONMENTAL PROTECTION ACT 1990 (ISLES OF SCILLY) PROTECTION ORDER 2006 |
| 650 | 2 | 4 | _aCONTAMINATED LAND (ENGLAND) REGULATIONS 2006 |
| 650 | 2 | 4 | _aRADIOACTIVE CONTAMINATED LAND (MODIFICATION OF ENACTMENTS) (ENGLAND) REGULATIONS 2006 |
| 650 | 2 | 4 | _aRADIOACTIVE CONTAMINATED LAND (ENABLING POWERS) (ENGLAND) REGULATIONS 2006 |
| 650 | 2 | 4 | _aDETR CIRCULAR 02/2000 |
| 651 | 4 |
_aEngland _y886- |
|
| 651 | 4 | _aISLES OF SCILLY | |
| 690 | _aPROPERTY-RURAL AND NATURAL ASSETS-LAND-CONTAMINATED LAND | ||
| 856 | 4 | 0 |
_uhttps://archive.defra.gov.uk/environment/quality/land/contaminated/documents/circular01-2006.pdf _vView the Circular free of charge at www.defra.gov.uk... |
| 942 | _n0 | ||
| 999 |
_c105786 _d105786 |
||